[Event "Watson Farley Williams International"]
[Site "London"]
[Date "1989.05.25"]
[Round "6"]
[White "Lalic, Susan Kathryn"]
[Black "McNab, Colin Anderson"]
[Result "0-1"]
[WhiteElo "2310"]
[BlackElo "2435"]
[PlyCount "150"]
[EventDate "1989.05.19"]
[EventType "tourn"]
[EventRounds "13"]
[EventCountry "ENG"]
[EventCategory "10"]
[SourceTitle "BritBase"]
[Source "John Saunders"]
[SourceDate "2025.08.03"]
[SourceVersion "1"]
[SourceVersionDate "2025.08.03"]
[SourceQuality "1"]

1. e4 d6 2. d4 Nf6 3. Nc3 g6 4. Nf3 Bg7 5. Be2 O-O 6. O-O Bg4 7. h3 Bxf3 8. Bxf3 Nc6 9. Ne2 e5 10. c3 Re8 11. d5 Ne7 12. c4 Nd7 13. Be3 f5 14. b4 fxe4 15. Bxe4 Nf5 16. Qd3 Rf8 17. c5 Nxe3 18. Qxe3 Qh4 19. cxd6 cxd6 20. Nc3 Bh6 21. Qe2 Nf6 22. Rae1 a6 23. Kh2 Qf4+ 24. g3 Qd2 25. Nb1 Qxb4 26. Bg2 Rae8 27. Rd1 e4 28. a3 Qc5 29. Qb2 b5 30. Nd2 Bxd2 31. Rxd2 Rc8 32. Re1 Qc3 33. Qa2 Qc4 34. Qb2 Rc5 35. f3 exf3 36. Bxf3 Qc3 37. Bg2 Nh5 38. Qxc3 Rxc3 39. Re6 Rd8 40. Rf2 Rxa3 41. g4 Ng7 42. Re7 Rf8 43. Rc2 b4 44. Rcc7 Ne8 45. Rb7 a5 46. g5 Ra2 47. h4 Raf2 48. h5 gxh5 49. Rxh7 R8f7 50. g6 Rxh7 51. gxh7+ Kh8 52. Kg3 Rf8 53. Rb5 Nf6 54. Rxa5 Rb8 55. Bh3 Kxh7 56. Bf5+ Kh6 57. Kf4 b3 58. Bb1 Rf8 59. Kg3 Kg5 60. Rb5 Rc8 61. Rxb3 Nxd5 62. Rb5 Rc5 63. Rb8 Rc3+ 64. Kf2 Nf6 65. Ke2 h4 66. Bd3 h3 67. Rh8 Nh5 68. Rg8+ Kh4 69. Bf5 Rg3 70. Rh8 h2 71. Be4 Ra3 72. Kf2 Ra2+ 73. Ke3 Ra1 74. Kf2 h1=Q 75. Bxh1 Rxh1 0-1

[Event "Watson Farley Williams International"]
[Site "London"]
[Date "1989.05.25"]
[Round "6"]
[White "Sadler, Matthew D"]
[Black "King, Daniel John"]
[Result "0-1"]
[WhiteElo "2430"]
[BlackElo "2500"]
[PlyCount "80"]
[EventDate "1989.05.19"]
[EventType "tourn"]
[EventRounds "13"]
[EventCountry "ENG"]
[EventCategory "10"]
[SourceTitle "BritBase"]
[Source "John Saunders"]
[SourceDate "2025.08.03"]
[SourceVersion "1"]
[SourceVersionDate "2025.08.03"]
[SourceQuality "1"]

1. b3 Nf6 2. Bb2 g6 3. Nf3 Bg7 4. g3 d5 5. c4 c6 6. Bg2 O-O 7. O-O Bg4 8. Nc3 Nbd7 9. d4 Bxf3 10. Bxf3 e6 11. e3 Re8 12. Rb1 Qc7 13. Qc2 Qd6 14. Rfd1 Rad8 15. Bg2 Qb8 16. a4 a6 17. Ba3 Nb6 18. Qa2 h5 19. Bb4 Nc8 20. Ba5 Rd7 21. c5 e5 22. b4 exd4 23. exd4 Ng4 24. b5 axb5 25. axb5 Qa8 26. Qa4 Ne7 27. h3 Nh6 28. Bf3 Nef5 29. Ne2 Rde7 30. Kf1 Kh7 31. Rd2 Ng8 32. Qa2 Nf6 33. Bc3 Qc8 34. bxc6 bxc6 35. Ng1 Ne4 36. Bxe4 dxe4 37. Re1 e3 38. Rde2 exf2 39. Rxe7 fxg1=Q+ 40. Kxg1 Rxe7 0-1

[Event "Watson Farley Williams International"]
[Site "London"]
[Date "1989.05.25"]
[Round "6"]
[White "Wilder, Michael"]
[Black "Hodgson, Julian M"]
[Result "1/2-1/2"]
[WhiteElo "2540"]
[BlackElo "2545"]
[PlyCount "39"]
[EventDate "1989.05.19"]
[EventType "tourn"]
[EventRounds "13"]
[EventCountry "ENG"]
[EventCategory "10"]
[SourceTitle "BritBase"]
[Source "John Saunders"]
[SourceDate "2025.08.03"]
[SourceVersion "1"]
[SourceVersionDate "2025.08.03"]
[SourceQuality "1"]

1. d4 Nf6 2. c4 e6 3. Nc3 d5 4. Nf3 Be7 5. Bg5 O-O 6. e3 h6 7. Bh4 b6 8. Rc1 Bb7 9. Bxf6 Bxf6 10. cxd5 exd5 11. b4 c6 12. Be2 Qd6 13. Qb3 Be7 14. Rb1 Nd7 15. O-O a5 16. bxa5 Rxa5 17. a4 Bd8 18. Rfd1 Re8 19. Bf1 h5 20. Qc2 1/2-1/2

[Event "Watson Farley Williams International"]
[Site "London"]
[Date "1989.05.26"]
[Round "7"]
[White "Arkell, Keith C"]
[Black "Sadler, Matthew D"]
[Result "1/2-1/2"]
[WhiteElo "2445"]
[BlackElo "2430"]
[PlyCount "75"]
[EventDate "1989.05.19"]
[EventType "tourn"]
[EventRounds "13"]
[EventCountry "ENG"]
[EventCategory "10"]
[SourceTitle "BritBase"]
[Source "John Saunders"]
[SourceDate "2025.08.03"]
[SourceVersion "1"]
[SourceVersionDate "2025.08.03"]
[SourceQuality "1"]

1. c4 c5 2. g3 g6 3. Nc3 Bg7 4. Bg2 d6 5. Nf3 Nf6 6. d4 Nfd7 7. Be3 O-O 8. Qd2 Nc6 9. b3 Rb8 10. O-O b6 11. Rfd1 Bb7 12. Bh6 a6 13. Bxg7 Kxg7 14. d5 Na7 15. a4 Ba8 16. e4 Rb7 17. Bf1 Nc8 18. Qe3 e5 19. dxe6 fxe6 20. e5 Rxf3 21. Qxf3 Nxe5 22. Qf4 Nc6 23. Bg2 Rf7 24. Qe3 N8e7 25. Ne4 Nf5 26. Ng5 Qf6 27. Qd2 Rd7 28. Nf3 Bb7 29. Rab1 a5 30. Qg5 Qf7 31. Nh4 Nfd4 32. Qe3 Nd8 33. Bxb7 Rxb7 34. Rxd4 cxd4 35. Qxd4+ Qf6 36. Qe4 Nf7 37. f4 Rc7 38. Nf3 1/2-1/2

[Event "Watson Farley Williams International"]
[Site "London"]
[Date "1989.05.26"]
[Round "7"]
[White "Davies, Nigel Rodney"]
[Black "Lalic, Susan Kathryn"]
[Result "1-0"]
[WhiteElo "2485"]
[BlackElo "2310"]
[PlyCount "81"]
[EventDate "1989.05.19"]
[EventType "tourn"]
[EventRounds "13"]
[EventCountry "ENG"]
[EventCategory "10"]
[SourceTitle "BritBase"]
[Source "John Saunders"]
[SourceDate "2025.08.03"]
[SourceVersion "1"]
[SourceVersionDate "2025.08.03"]
[SourceQuality "1"]

1. d4 Nf6 2. c4 e6 3. g3 d5 4. Nf3 c5 5. cxd5 exd5 6. Bg2 Nc6 7. O-O Be7 8. Be3 O-O 9. dxc5 Ng4 10. Bd4 Nxd4 11. Qxd4 Bf6 12. Qd2 Qe7 13. Nc3 Qxc5 14. Rac1 Be6 15. h3 Nh6 16. Ne4 Qe7 17. Nxf6+ Qxf6 18. Rc7 b6 19. g4 Qd8 20. Rfc1 Re8 21. Nd4 Qh4 22. Qf4 Kh8 23. e3 Ng8 24. Nb5 Ne7 25. Rxa7 Rxa7 26. Nxa7 h5 27. Nb5 Ng6 28. Qh2 Kg8 29. gxh5 Qxh5 30. Nd4 Ne5 31. b3 Nd3 32. Rf1 Bc8 33. Qg3 Re5 34. Nf3 Re6 35. Qc7 Ba6 36. Qd8+ Kh7 37. Ng5+ Kh6 38. Nxe6 fxe6 39. Qxb6 Nc5 40. Qxc5 Bxf1 41. Bxf1 1-0

[Event "Watson Farley Williams International"]
[Site "London"]
[Date "1989.05.26"]
[Round "7"]
[White "King, Daniel John"]
[Black "Wilder, Michael"]
[Result "1/2-1/2"]
[WhiteElo "2500"]
[BlackElo "2540"]
[PlyCount "33"]
[EventDate "1989.05.19"]
[EventType "tourn"]
[EventRounds "13"]
[EventCountry "ENG"]
[EventCategory "10"]
[SourceTitle "BritBase"]
[Source "John Saunders"]
[SourceDate "2025.08.03"]
[SourceVersion "1"]
[SourceVersionDate "2025.08.03"]
[SourceQuality "1"]

1. Nf3 c5 2. c4 Nc6 3. Nc3 Nd4 4. Ng1 Nf6 5. e3 Nc6 6. d4 d5 7. cxd5 Nxd5 8. Nf3 cxd4 9. exd4 g6 10. Qb3 Nxc3 11. Bc4 e6 12. bxc3 Na5 13. Bb5+ Bd7 14. Qa4 Nc6 15. d5 exd5 16. O-O f6 17. Qb3 1/2-1/2

[Event "Watson Farley Williams International"]
[Site "London"]
[Date "1989.05.26"]
[Round "7"]
[White "McNab, Colin Anderson"]
[Black "Suba, Mihai"]
[Result "1-0"]
[WhiteElo "2435"]
[BlackElo "2515"]
[PlyCount "83"]
[EventDate "1989.05.19"]
[EventType "tourn"]
[EventRounds "13"]
[EventCountry "ENG"]
[EventCategory "10"]
[SourceTitle "BritBase"]
[Source "John Saunders"]
[SourceDate "2025.08.03"]
[SourceVersion "1"]
[SourceVersionDate "2025.08.03"]
[SourceQuality "1"]

1. Nf3 c5 2. c4 Nf6 3. g3 b6 4. Bg2 Bb7 5. O-O e6 6. b3 Be7 7. Bb2 O-O 8. e3 d5 9. Qe2 dxc4 10. bxc4 Qc7 11. Nc3 a6 12. Ne1 Bxg2 13. Nxg2 Nc6 14. f4 Rad8 15. Rad1 Rd6 16. g4 h6 17. g5 hxg5 18. fxg5 Nh7 19. h4 e5 20. Ne4 Rg6 21. Rf5 Qd7 22. Rdf1 f6 23. h5 Rxg5 24. Nxg5 Nxg5 25. Nh4 Rd8 26. Bc3 Nf7 27. Qg2 Nb4 28. Ng6 Ng5 29. a3 Nd3 30. Qd5+ Kh7 31. Qxd7 Rxd7 32. Rxg5 Bd6 33. Rg2 b5 34. Ba5 b4 35. axb4 cxb4 36. Rb1 Rb7 37. Nh4 b3 38. Nf5 Bf8 39. Kf1 b2 40. Ke2 Nc1+ 41. Kd1 Nd3 42. Kc2 1-0

[Event "Watson Farley Williams International"]
[Site "London"]
[Date "1989.05.26"]
[Round "7"]
[White "Motwani, Paul"]
[Black "Wolff, Patrick G"]
[Result "1-0"]
[WhiteElo "2490"]
[BlackElo "2485"]
[PlyCount "43"]
[EventDate "1989.05.19"]
[EventType "tourn"]
[EventRounds "13"]
[EventCountry "ENG"]
[EventCategory "10"]
[SourceTitle "BritBase"]
[Source "John Saunders"]
[SourceDate "2025.08.03"]
[SourceVersion "1"]
[SourceVersionDate "2025.08.03"]
[SourceQuality "1"]

1. e4 d6 2. d4 Nf6 3. Nc3 g6 4. f4 Bg7 5. Nf3 O-O 6. Bd3 Nc6 7. O-O e5 8. d5 Nb4 9. fxe5 dxe5 10. Bg5 Nxd3 11. Qxd3 Qe7 12. Kh1 h6 13. Bh4 Bd7 14. Nd2 b6 15. d6 Qe6 16. Bxf6 Bxf6 17. Nd5 Bd8 18. dxc7 Be7 19. Nc4 Rac8 20. Rad1 Bc6 21. Qc3 f6 22. Ncxb6 1-0

[Event "Watson Farley Williams International"]
[Site "London"]
[Date "1989.05.27"]
[Round "8"]
[White "Davies, Nigel Rodney"]
[Black "Motwani, Paul"]
[Result "1/2-1/2"]
[WhiteElo "2485"]
[BlackElo "2490"]
[PlyCount "82"]
[EventDate "1989.05.19"]
[EventType "tourn"]
[EventRounds "13"]
[EventCountry "ENG"]
[EventCategory "10"]
[SourceTitle "BritBase"]
[Source "John Saunders"]
[SourceDate "2025.08.03"]
[SourceVersion "1"]
[SourceVersionDate "2025.08.03"]
[SourceQuality "1"]

1. d4 Nf6 2. c4 e6 3. g3 d5 4. Nf3 dxc4 5. Bg2 Bd7 6. Ne5 Bc6 7. Nxc6 Nxc6 8. O-O Qd7 9. e3 Rb8 10. Qe2 b5 11. b3 cxb3 12. axb3 Rb6 13. Bb2 a6 14. Rd1 Be7 15. Nd2 O-O 16. Nf1 Rd8 17. e4 Nb4 18. Ne3 Bf8 19. d5 Qe7 20. dxe6 Rxd1+ 21. Rxd1 Qxe6 22. e5 Nd7 23. Nd5 Nxd5 24. Bxd5 Qe7 25. Bd4 c5 26. Bc3 Rh6 27. e6 fxe6 28. Bb7 Nb6 29. Bxa6 c4 30. bxc4 bxc4 31. Be5 Qc5 32. Bd4 Qc7 33. Rb1 Bc5 34. Be5 Qf7 35. Rd1 Nd5 36. Bxc4 Rh5 37. Bb2 Rf5 38. Bd4 Bxd4 39. Rxd4 h6 40. Bb3 Kh8 41. Kg2 Qb7 1/2-1/2

[Event "Watson Farley Williams International"]
[Site "London"]
[Date "1989.05.27"]
[Round "8"]
[White "Lalic, Susan Kathryn"]
[Black "Suba, Mihai"]
[Result "0-1"]
[WhiteElo "2310"]
[BlackElo "2515"]
[PlyCount "138"]
[EventDate "1989.05.19"]
[EventType "tourn"]
[EventRounds "13"]
[EventCountry "ENG"]
[EventCategory "10"]
[SourceTitle "BritBase"]
[Source "John Saunders"]
[SourceDate "2025.08.03"]
[SourceVersion "1"]
[SourceVersionDate "2025.08.03"]
[SourceQuality "1"]

1. e4 c5 2. c3 d5 3. exd5 Qxd5 4. d4 e6 5. Nf3 Nf6 6. Bd3 Nc6 7. O-O Bd7 8. Na3 cxd4 9. Nb5 Rc8 10. Nbxd4 Nxd4 11. Nxd4 Bc5 12. Be3 O-O 13. c4 Qe5 14. Rb1 Rfd8 15. b4 Bb6 16. Nf3 Qh5 17. Bxb6 axb6 18. Qe2 Bc6 19. Rfd1 Bxf3 20. gxf3 Rd4 21. Be4 Nxe4 22. Rxd4 Qg6+ 23. Kf1 Nc3 24. Rbd1 Qf6 25. Qd3 Nxd1 26. Qxd1 g6 27. Qd3 Ra8 28. f4 Kg7 29. Qe3 Rxa2 30. Qe5 Rc2 31. Kg2 Re2 32. Qxe2 Qxd4 33. b5 Qxf4 34. Qd3 Qe5 35. Kg1 h5 36. Kg2 Qf4 37. h3 h4 38. Kg1 Kh6 39. Kg2 f6 40. Qd8 Qe4+ 41. Kg1 Qxc4 42. Qxf6 Qe4 43. Qh8+ Kg5 44. Qd8+ Kf5 45. Qxb6 Qd5 46. Qa5 Qd1+ 47. Kg2 Qd4 48. Kg1 b6 49. Qa8 Qd1+ 50. Kh2 Qe2 51. Qf8+ Ke4 52. Qf6 Qxb5 53. Qxh4+ Kf5 54. Qg4+ Kf6 55. Qh4+ Qg5 56. Qh8+ Kf5 57. Qf8+ Qf6 58. Qb4 Qe5+ 59. Kg1 b5 60. Qg4+ Kf6 61. Qb4 g5 62. Qf8+ Kg6 63. Qb4 Qd5 64. Qb1+ Kf7 65. Qb4 e5 66. Qb1 e4 67. Qb4 Ke6 68. Qf8 Qd1+ 69. Kh2 Qd6+ 0-1

[Event "Watson Farley Williams International"]
[Site "London"]
[Date "1989.05.27"]
[Round "8"]
[White "Sadler, Matthew D"]
[Black "McNab, Colin Anderson"]
[Result "1/2-1/2"]
[WhiteElo "2430"]
[BlackElo "2435"]
[PlyCount "50"]
[EventDate "1989.05.19"]
[EventType "tourn"]
[EventRounds "13"]
[EventCountry "ENG"]
[EventCategory "10"]
[SourceTitle "BritBase"]
[Source "John Saunders"]
[SourceDate "2025.08.03"]
[SourceVersion "1"]
[SourceVersionDate "2025.08.03"]
[SourceQuality "1"]

1. d4 d6 2. c4 e5 3. Nc3 exd4 4. Qxd4 Nf6 5. b3 g6 6. Bb2 Bg7 7. g3 O-O 8. Bg2 Nc6 9. Qd2 Re8 10. Nh3 d5 11. Nxd5 Bxh3 12. Bxh3 Ne4 13. Qc1 Nd4 14. e3 c6 15. Nf4 Nd2 16. Bc3 Ne4 17. Bb2 Qa5+ 18. Kf1 Nd2+ 19. Kg2 Qe5 20. Bxd4 Qe4+ 21. Kg1 Nf3+ 22. Kf1 Bxd4 23. exd4 Nd2+ 24. Kg1 Nf3+ 25. Kf1 Nd2+ 1/2-1/2

[Event "Watson Farley Williams International"]
[Site "London"]
[Date "1989.05.27"]
[Round "8"]
[White "Watson, William Nicholas"]
[Black "King, Daniel John"]
[Result "1/2-1/2"]
[WhiteElo "2505"]
[BlackElo "2500"]
[PlyCount "27"]
[EventDate "1989.05.19"]
[EventType "tourn"]
[EventRounds "13"]
[EventCountry "ENG"]
[EventCategory "10"]
[SourceTitle "BritBase"]
[Source "John Saunders"]
[SourceDate "2025.08.03"]
[SourceVersion "1"]
[SourceVersionDate "2025.08.03"]
[SourceQuality "1"]

1. e4 Nf6 2. e5 Nd5 3. Bc4 Nb6 4. Bb3 c5 5. d3 Nc6 6. Nf3 d5 7. exd6 exd6 8. O-O Bg4 9. Bg5 Bxf3 10. Bxf7+ Kd7 11. Be6+ Ke8 12. Bf7+ Kd7 13. Be6+ Ke8 14. Bf7+ 1/2-1/2

[Event "Watson Farley Williams International"]
[Site "London"]
[Date "1989.05.27"]
[Round "8"]
[White "Wilder, Michael"]
[Black "Arkell, Keith C"]
[Result "1/2-1/2"]
[WhiteElo "2540"]
[BlackElo "2445"]
[PlyCount "101"]
[EventDate "1989.05.19"]
[EventType "tourn"]
[EventRounds "13"]
[EventCountry "ENG"]
[EventCategory "10"]
[SourceTitle "BritBase"]
[Source "John Saunders"]
[SourceDate "2025.08.03"]
[SourceVersion "1"]
[SourceVersionDate "2025.08.03"]
[SourceQuality "1"]

1. e4 c6 2. d4 d5 3. Nc3 g6 4. Nf3 Bg4 5. h3 Bxf3 6. Qxf3 dxe4 7. Nxe4 Qxd4 8. Bd2 Nf6 9. Nxf6+ Qxf6 {At this point the players relocated to another place due to annoying sunlight. The board was set up again but unfortunately the h3-pawn fell victim to that transfer, as it found itself back on h2, without the players realising.} 10. Qb3 Qe6+ 11. Qxe6 fxe6 12. Bc3 Rg8 13. g3 Bg7 14. Bxg7 Rxg7 15. Bc4 {(The continuation of the game was 15.Bh3 (yes) Na6 16.Bxe6)} Na6 16. Bxe6 Nc5 17. Bg4 Rd8 18. Rd1 Rxd1+ 19. Kxd1 Rf7 20. Ke2 Ne4 21. Rf1 Rf6 22. Ke3 Nd6 23. Kd3 Nf5 24. c3 Rd6+ 25. Ke2 Re6+ 26. Kd2 Rd6+ 27. Kc2 Re6 28. Kd1 Rd6+ 29. Kc2 Re6 30. Bf3 Rf6 31. Be2 Nd6 32. f4 Rf5 33. Re1 Ra5 34. a3 h6 35. Bd3 Kf7 36. h4 Kf6 37. g4 h5 38. b4 Rd5 39. c4 Rd4 40. c5 Nb5 41. a4 Nc7 42. g5+ Kf7 43. Re4 Rxe4 44. Bxe4 Ne6 45. b5 Nxc5 46. bxc6 bxc6 47. Bxc6 Ke6 48. Kc3 Kf5 49. Kc4 Nxa4 50. Bxa4 Kxf4 51. Bd1 1/2-1/2

[Event "Watson Farley Williams International"]
[Site "London"]
[Date "1989.05.27"]
[Round "8"]
[White "Wolff, Patrick G"]
[Black "Larsen, Bent"]
[Result "1/2-1/2"]
[WhiteElo "2485"]
[BlackElo "2580"]
[PlyCount "98"]
[EventDate "1989.05.19"]
[EventType "tourn"]
[EventRounds "13"]
[EventCountry "ENG"]
[EventCategory "10"]
[SourceTitle "BritBase"]
[Source "John Saunders"]
[SourceDate "2025.08.03"]
[SourceVersion "1"]
[SourceVersionDate "2025.08.03"]
[SourceQuality "1"]

1. e4 c5 2. Nf3 Nc6 3. d4 cxd4 4. Nxd4 g6 5. c4 Nf6 6. Nc3 d6 7. Be2 Bg7 8. Be3 O-O 9. O-O Re8 10. Rc1 Nxd4 11. Bxd4 Bd7 12. Qd2 Bc6 13. f3 a5 14. b3 Nd7 15. Be3 Nc5 16. Rfd1 Qb6 17. Nb5 Rec8 18. Kh1 Qd8 19. Nc3 h5 20. Qe1 b6 21. Rc2 Rab8 22. Nd5 e6 23. Nc3 Rb7 24. Rb1 Be5 25. a3 Qf6 26. b4 axb4 27. axb4 Na4 28. Nxa4 Bxa4 29. Ra2 b5 30. Qf1 Rcb8 31. Qf2 Qe7 32. f4 Bg7 33. Bf3 Rc7 34. c5 Rbc8 35. Bd1 dxc5 36. Bxc5 Qe8 37. h3 Bxd1 38. Rxd1 Bf8 39. Rc2 Bxc5 40. bxc5 Qe7 41. Rdc1 b4 42. f5 Qf6 43. Rb1 Qe5 44. fxg6 fxg6 45. Rxb4 Rxc5 46. Rxc5 Qxc5 47. Qf6 Qxb4 48. Qxe6+ Kg7 49. Qxc8 Qxe4 1/2-1/2

[Event "Watson Farley Williams International"]
[Site "London"]
[Date "1989.05.28"]
[Round "9"]
[White "Arkell, Keith C"]
[Black "Watson, William Nicholas"]
[Result "0-1"]
[WhiteElo "2445"]
[BlackElo "2505"]
[PlyCount "76"]
[EventDate "1989.05.19"]
[EventType "tourn"]
[EventRounds "13"]
[EventCountry "ENG"]
[EventCategory "10"]
[SourceTitle "BritBase"]
[Source "John Saunders"]
[SourceDate "2025.08.03"]
[SourceVersion "1"]
[SourceVersionDate "2025.08.03"]
[SourceQuality "1"]

1. d4 Nf6 2. Nf3 g6 3. g3 Bg7 4. Bg2 O-O 5. c4 d6 6. O-O c6 7. Nc3 Qa5 8. e4 Bg4 9. h3 Bxf3 10. Bxf3 Nfd7 11. Be3 a6 12. a3 c5 13. b4 Qd8 14. Rc1 cxd4 15. Bxd4 Bxd4 16. Qxd4 Nc6 17. Qd1 a5 18. Nd5 axb4 19. axb4 e6 20. Nc3 Nde5 21. Be2 Nxb4 22. Rb1 Nec6 23. Nb5 Ra2 24. Bf3 Qf6 25. Bg2 Rd8 26. Rb3 Qg5 27. Nc3 Rd2 28. Qb1 Nd3 29. e5 Nc5 30. Rxb7 Nxe5 31. Ne4 Nxe4 32. Qxe4 Qf5 33. Qe3 Nxc4 34. Qa7 d5 35. Rc1 Qf6 36. Rc3 Qxc3 37. Rxf7 Rf8 38. Rxh7 Qd4 0-1

[Event "Watson Farley Williams International"]
[Site "London"]
[Date "1989.05.28"]
[Round "9"]
[White "Hodgson, Julian M"]
[Black "Wolff, Patrick G"]
[Result "0-1"]
[WhiteElo "2545"]
[BlackElo "2485"]
[PlyCount "52"]
[EventDate "1989.05.19"]
[EventType "tourn"]
[EventRounds "13"]
[EventCountry "ENG"]
[EventCategory "10"]
[SourceTitle "BritBase"]
[Source "John Saunders"]
[SourceDate "2025.08.03"]
[SourceVersion "1"]
[SourceVersionDate "2025.08.03"]
[SourceQuality "1"]

1. c4 e5 2. Nc3 Bb4 3. Qb3 Nc6 4. Nd5 a5 5. g3 d6 6. e3 f5 7. Bg2 e4 8. a3 Bc5 9. Qc3 Ne5 10. d4 Bb4 11. axb4 Nd3+ 12. Ke2 axb4 13. Nxb4 Rxa1 14. Nxd3 exd3+ 15. Kxd3 Nf6 16. Nh3 O-O 17. b3 Ra2 18. Bb2 Ne4 19. Qc2 b5 20. Ra1 Rxa1 21. Bxa1 Ba6 22. Qa2 bxc4+ 23. bxc4 Qa8 24. Kc2 Qc6 25. c5+ d5 26. f3 Ra8 0-1

[Event "Watson Farley Williams International"]
[Site "London"]
[Date "1989.05.28"]
[Round "9"]
[White "King, Daniel John"]
[Black "Adams, Michael"]
[Result "1-0"]
[WhiteElo "2500"]
[BlackElo "2495"]
[PlyCount "81"]
[EventDate "1989.05.19"]
[EventType "tourn"]
[EventRounds "13"]
[EventCountry "ENG"]
[EventCategory "10"]
[SourceTitle "BritBase"]
[Source "John Saunders"]
[SourceDate "2025.08.03"]
[SourceVersion "1"]
[SourceVersionDate "2025.08.03"]
[SourceQuality "1"]

1. e4 c6 2. d4 d5 3. Nd2 dxe4 4. Nxe4 Nd7 5. Ng5 e6 6. Bd3 Be7 7. N1f3 h6 8. Ne4 Ngf6 9. c3 c5 10. O-O cxd4 11. Nxd4 O-O 12. Re1 Re8 13. Nxf6+ Bxf6 14. Bc2 a6 15. Qg4 Kh8 16. Re3 Nf8 17. Rh3 e5 18. Nf5 g6 19. Bxh6 Kg8 20. Rg3 Qb6 21. Rb1 e4 22. Be3 Qc6 23. Qf4 Bxf5 24. Qxf5 Re5 25. Qg4 Rd8 26. Bf4 Ra5 27. Bb3 Re8 28. Rd1 Rd8 29. Re3 Rxd1+ 30. Qxd1 Ne6 31. Bg3 Kg7 32. h3 Rf5 33. Bc2 Nc5 34. Qe1 Qd5 35. a3 Nd3 36. Qe2 Qb5 37. Bxd3 exd3 38. Rxd3 Rd5 39. Re3 Qb3 40. Kh2 Rb5 41. c4 1-0

[Event "Watson Farley Williams International"]
[Site "London"]
[Date "1989.05.28"]
[Round "9"]
[White "McNab, Colin Anderson"]
[Black "Wilder, Michael"]
[Result "0-1"]
[WhiteElo "2435"]
[BlackElo "2540"]
[PlyCount "66"]
[EventDate "1989.05.19"]
[EventType "tourn"]
[EventRounds "13"]
[EventCountry "ENG"]
[EventCategory "10"]
[SourceTitle "BritBase"]
[Source "John Saunders"]
[SourceDate "2025.08.03"]
[SourceVersion "1"]
[SourceVersionDate "2025.08.03"]
[SourceQuality "1"]

1. c4 e5 2. Nc3 Nf6 3. Nf3 Nc6 4. g3 d5 5. cxd5 Nxd5 6. Bg2 Nb6 7. O-O Be7 8. d3 O-O 9. Be3 Re8 10. Qc1 Bf8 11. Ne4 h6 12. Rd1 Nd4 13. Re1 a5 14. Ned2 c6 15. Nb3 Bb4 16. Bd2 Nxb3 17. axb3 Nd5 18. Bxb4 Nxb4 19. Qc3 Qf6 20. Nd2 b6 21. f4 Ba6 22. Rf1 Rad8 23. Be4 Qd6 24. fxe5 Rxe5 25. Nf3 Rc5 26. Qd2 f5 27. d4 fxe4 28. dxc5 Qxc5+ 29. Kh1 Rxd2 30. Nxd2 Bxe2 31. Nxe4 Qd5 32. Rf4 Bd3 33. Re1 Nc2 0-1

[Event "Watson Farley Williams International"]
[Site "London"]
[Date "1989.05.28"]
[Round "9"]
[White "Motwani, Paul"]
[Black "Lalic, Susan Kathryn"]
[Result "1-0"]
[WhiteElo "2490"]
[BlackElo "2310"]
[PlyCount "83"]
[EventDate "1989.05.19"]
[EventType "tourn"]
[EventRounds "13"]
[EventCountry "ENG"]
[EventCategory "10"]
[SourceTitle "BritBase"]
[Source "John Saunders"]
[SourceDate "2025.08.03"]
[SourceVersion "1"]
[SourceVersionDate "2025.08.03"]
[SourceQuality "1"]

1. e4 c6 2. c4 d5 3. exd5 cxd5 4. cxd5 Nf6 5. Nc3 Nxd5 6. Nf3 Nxc3 7. bxc3 g6 8. d4 Bg7 9. Bd3 O-O 10. O-O Qc7 11. Ba3 Re8 12. Qb3 Nc6 13. Ng5 e6 14. Rab1 Na5 15. Qd1 Nc4 16. Qa4 Nxa3 17. Qxe8+ Bf8 18. Rb3 Kg7 19. d5 exd5 20. Re1 Bd6 21. Qe3 Bd7 22. Qd4+ Kg8 23. h4 Bh2+ 24. Kh1 Bd6 25. h5 Re8 26. Rxe8+ Bxe8 27. h6 Bf8 28. Rxa3 Qe7 29. Rxa7 Qxg5 30. Qe3 Qh5+ 31. Kg1 Qd1+ 32. Kh2 Qh5+ 33. Qh3 Qe5+ 34. g3 Qxc3 35. Ra8 Qxd3 36. Rxe8 Qf3 37. Kg1 Qd1+ 38. Qf1 Qa4 39. Rc8 d4 40. Qe1 Qd7 41. Qe8 Qd6 42. Qd8 1-0

[Event "Watson Farley Williams International"]
[Site "London"]
[Date "1989.05.28"]
[Round "9"]
[White "Suba, Mihai"]
[Black "Sadler, Matthew D"]
[Result "1-0"]
[WhiteElo "2515"]
[BlackElo "2430"]
[PlyCount "107"]
[EventDate "1989.05.19"]
[EventType "tourn"]
[EventRounds "13"]
[EventCountry "ENG"]
[EventCategory "10"]
[SourceTitle "BritBase"]
[Source "John Saunders"]
[SourceDate "2025.08.03"]
[SourceVersion "1"]
[SourceVersionDate "2025.08.03"]
[SourceQuality "1"]

1. c4 e5 2. g3 Nc6 3. Nc3 g6 4. e3 Bg7 5. Nge2 Nge7 6. Bg2 d6 7. Rb1 Be6 8. Nd5 O-O 9. b4 Qd7 10. Qa4 Bf5 11. e4 Bg4 12. b5 Nd8 13. f3 Nxd5 14. cxd5 Bh3 15. O-O Bxg2 16. Kxg2 f5 17. d3 Nf7 18. Rb4 Bf6 19. Qc2 Rae8 20. Be3 Bd8 21. Ra4 h5 22. Rxa7 f4 23. gxf4 exf4 24. Nxf4 Bg5 25. Rxb7 Rc8 26. b6 cxb6 27. Rxd7 Rxc2+ 28. Rf2 Rxf2+ 29. Kxf2 Ne5 30. Rxd6 Bxf4 31. Bxf4 Rxf4 32. Re6 Nxf3 33. Rxg6+ Kf7 34. Rxb6 Ng5+ 35. Ke3 Rh4 36. Rb2 Kf6 37. Rf2+ Ke7 38. a4 Rh3+ 39. Ke2 Nf7 40. a5 Nd6 41. a6 Nb5 42. e5 Rh4 43. d6+ Ke6 44. Rf6+ Kxe5 45. d7 Rd4 46. Rb6 Na7 47. Rb7 Nc6 48. a7 Ra4 49. Rc7 Nd4+ 50. Ke3 Ne6 51. Rc6 Nd8 52. Rc8 Rxa7 53. Rxd8 Ke6 54. Rh8 1-0